000
00235as aa2200097a 44500
090
_a
SERIADAS
_b
01646
245
1
0
_a
Scientia et Technica
260
_b
Universidad Tecnológica de Pereira
_a
Colombia
041
0
_a
Español
942
_c
REVISTA
999
_c
17407
_d
17407